Welcome to CU Library Online Public Access Catalogue (OPAC)

Foundations of Microeconomics (Record no. 562)

MARC details
000 -LEADER
fixed length control field 00574nam a22001937a 4500
005 - DATE AND TIME OF LATEST TRANSACTION
control field 20241102144047.0
008 - FIXED-LENGTH DATA ELEMENTS--GENERAL INFORMATION
fixed length control field 241102b |||||||| |||| 00| 0 eng d
020 ## - INTERNATIONAL STANDARD BOOK NUMBER
International Standard Book Number 9781292018386
050 ## - LIBRARY OF CONGRESS CALL NUMBER
Classification number HB172
Item number .B233 BAD
100 ## - MAIN ENTRY--PERSONAL NAME
Personal name Bade Robin
245 ## - TITLE STATEMENT
Title Foundations of Microeconomics
Statement of responsibility, etc. Robin Bade & Michael Parkin
250 ## - EDITION STATEMENT
Edition statement 7th Ed.
260 ## - PUBLICATION, DISTRIBUTION, ETC.
Place of publication, distribution, etc. Boston
Name of publisher, distributor, etc. Pearson Education Ltd.
Date of publication, distribution, etc. 2015
300 ## - PHYSICAL DESCRIPTION
Extent 570p (various pagings);
Other physical details ill. color;
Dimensions 27.5cm x 21.5cm
500 ## - GENERAL NOTE
General note Includes Index
650 ## - SUBJECT ADDED ENTRY--TOPICAL TERM
Source of heading or term Microeconomics
700 ## - ADDED ENTRY--PERSONAL NAME
Personal name Parkin Michael
942 ## - ADDED ENTRY ELEMENTS (KOHA)
Source of classification or shelving scheme Library of Congress Classification
Koha item type Books
Edition 7th Ed.
Suppress in OPAC No
999 ## -
-- 562
-- 562
Holdings
Withdrawn status Lost status Source of classification or shelving scheme Damaged status Not for loan Collection Home library Current library Shelving location Date acquired Total checkouts Full call number Barcode Date last seen Copy number Price effective from Koha item type
    Library of Congress Classification     Non-fiction Business Library (Miotso) Business Library (Miotso) General stacks 11/02/2024   HB172 .B233 BAD BSSM00000080 11/02/2024 1 11/02/2024 Books
    Library of Congress Classification     Non-fiction Business Library (Miotso) Business Library (Miotso) General stacks 11/02/2024   HB172 .B233 BAD BSSM00000081 11/02/2024 2 11/02/2024 Books
    Library of Congress Classification     Non-fiction Business Library (Miotso) Business Library (Miotso) General stacks 11/02/2024   HB172 .B233 BAD BSSM00000082 11/02/2024 3 11/02/2024 Books
    Library of Congress Classification     Non-fiction Graduate Library (Christ Temple) Graduate Library (Christ Temple) General stacks 03/26/2025   HB 172.B233 BAD GSCT00000829 03/26/2025 1 03/26/2025 Books
© 2023-2024 Copyright: Central University Libraries. All Rights Reserved | Created by: Mahone Tech Office